| 000 | 00680nam a2200181 a 4500 | ||
|---|---|---|---|
| 005 | 20231111063628.0 | ||
| 008 | 991125s1996 tol 000 0 spa u | ||
| 035 | _aUPN01000007117 | ||
| 049 | _aCG | ||
| 050 | 4 |
_aLB2391 M6 _bU5.2 |
|
| 245 | 0 | 0 |
_aCatálogo de investigación y estudios de postgrado 1996 = research and postgraduate studies catalogue / _cUniversidad Autónoma del Estado de México. |
| 260 |
_aToluca : _bUAEM, _c1996. |
||
| 300 |
_a279 p. : _bil. |
||
| 610 | 2 | 4 |
_aUniversidad Autónoma del Estado de México _919129 |
| 650 | 4 |
_aEducación superior _zMéxico _xPlanes y programas _91547 |
|
| 710 | 2 |
_aUniversidad Autónoma del Estado de México _919129 |
|
| 905 | _aLibro | ||
| 999 |
_c7117 _d7117 |
||